| LEADER |
00745nam0a2200205 450 |
| 001 |
16817299 |
| 010 |
|
|
|a 2-7366-3823-9
|b rel.
|d 49 F
|
| 100 |
|
|
|a 20000131d1999 u u0frey01 ba
|
| 101 |
0 |
|
|a fre
|
| 102 |
|
|
|a FR
|
| 200 |
0 |
|
|a Au bord de l'eau
|f Daniel Picon
|
| 207 |
|
1 |
|a
|
| 210 |
|
|
|a Paris
|b 80, rue de Vaugirard
|c Epigones
|d 1999
|
| 215 |
|
|
|a 29 p.-[2] f. de pl. d'autocollants en coul.
|c ill. en coul., couv. ill. en coul.
|d 24 cm
|
| 225 |
1 |
|
|a Petits doigts d'or
|
| 300 |
|
|
|a La couv. porte en plus : 'avec des feuilles',La couv. porte en plus : 'avec des feuilles'
|
| 700 |
|
0 |
|a Picon
|b Daniel
|4 70
|
| 900 |
|
|
|a Album
|
| 901 |
|
|
|a Accessible au prêt
|
| 995 |
|
|
|a Bibliothèque
|c Bibliothèque
|f 024014378
|h 024014378
|k A PIC
|o p
|q j
|r az
|e Bibliothèque
|